Normal view
MARC view
- السويلميين، صفاء محمود رستم
Entry Personal Name
001 - CONTROL NUMBER
- control field: 50303
003 - CONTROL NUMBER IDENTIFIER
- control field: JO-AjAnu
005 - DATE AND TIME OF LATEST TRANSACTION
- control field: 20230606082301.0
008 - FIXED-LENGTH DATA ELEMENTS
- fixed length control field: 230606|| aca||aabn | a|a d
040 ## - CATALOGING SOURCE
- Original cataloging agency: JO-AjAnu
- Transcribing agency: JO-AjAnu
100 ## - HEADING--PERSONAL NAME
- Personal name: السويلميين، صفاء محمود رستم
670 ## - SOURCE DATA FOUND
- Source citation: Work cat.: (JO-AjAnu)25718: السويلميين، صفاء محمود رستم , author, دور مسؤولية الإدارة في تعزيز إحترام حقوق الإنسان " دراسة مقارنة "